[Event "DVM U12w 2024"]
[Site "Bad Homburg GER"]
[Date "2024.12.28"]
[Round "3"]
[White "Scarlat-Timofte, Elena"]
[Black "Dinges, Mara"]
[Result "0-1"]
[Termination "normal"]
[Board "4.4"]
[WhiteElo "1024"]
[BlackElo "854"]
[WhiteClock "00:53:24"]
[BlackClock "01:04:07"]
[WhiteTeam "USV TU Dresden"]
[BlackTeam "SC Weisse Dame"]
[PlyCount "68"]
[WhiteFideId "34693530"]
[BlackFideId "34623183"]
[EventCountry "GER"]
[EventRounds "7"]
[EventType "team-swiss"]
[EventDate "2024.12.26"]

1. e4 {[%clk 01:30:58]} e6 {[%clk 01:30:51]} {[%emt 00:00:11]} 2. d4 {[%clk
01:31:15]} {[%emt 00:00:13]} d5 {[%clk 01:31:13]} {[%emt 00:00:08]} 3. Nc3
{[%clk 01:31:36]} {[%emt 00:00:09]} c5 {[%clk 01:31:31]} {[%emt 00:00:11]} 4.
Nf3 {[%clk 01:31:14]} {[%emt 00:00:52]} Nc6 {[%clk 01:31:38]} {[%emt 00:00:24]}
5. Bb5 {[%clk 01:31:17]} {[%emt 00:00:26]} Bd7 {[%clk 01:31:48]} {[%emt
00:00:19]} 6. Bg5 {[%clk 01:31:25]} {[%emt 00:00:22]} f6 {[%emt 00:00:50]} 7.
Be3 {[%emt 00:01:54]} Na5 {[%clk 01:28:15]} {[%emt 00:01:19]} 8. Bxd7+ {[%clk
01:30:28]} {[%emt 00:01:26]} Qxd7 {[%clk 01:28:27]} {[%emt 00:00:19]} 9. dxc5
{[%clk 01:30:24]} {[%emt 00:00:35]} Nc4 {[%clk 01:28:32]} {[%emt 00:00:25]} 10.
Qd4 {[%clk 01:28:55]} {[%emt 00:01:58]} Nxe3 {[%clk 01:28:24]} {[%emt
00:00:38]} 11. Qxe3 {[%clk 01:29:14]} {[%emt 00:00:11]} Ne7 {[%clk 01:26:42]}
{[%emt 00:02:13]} 12. Nd4 {[%clk 01:28:02]} {[%emt 00:01:42]} O-O-O {[%clk
01:25:07]} {[%emt 00:02:05]} 13. Ndb5 {[%clk 01:27:52]} {[%emt 00:00:40]} Nc6
{[%clk 01:24:23]} {[%emt 00:01:14]} 14. O-O {[%clk 01:25:38]} {[%emt 00:02:43]}
d4 {[%clk 01:24:07]} {[%emt 00:00:47]} 15. Qd3 {[%clk 01:23:09]} {[%emt
00:02:59]} dxc3 {[%clk 01:23:35]} {[%emt 00:01:02]} 16. Qxc3 {[%clk 01:22:50]}
{[%emt 00:00:48]} a6 {[%clk 01:21:00]} {[%emt 00:03:06]} 17. Rad1 {[%clk
01:21:31]} {[%emt 00:01:48]} Qxd1 {[%clk 01:19:54]} {[%emt 00:01:35]} 18. Nd6+
{[%clk 01:19:32]} {[%emt 00:02:30]} Rxd6 {[%clk 01:19:17]} {[%emt 00:01:07]}
19. cxd6 {[%clk 01:19:49]} {[%emt 00:00:13]} Qxd6 {[%clk 01:19:31]} {[%emt
00:00:16]} 20. Qb3 {[%clk 01:18:01]} {[%emt 00:02:18]} Kb8 {[%clk 01:18:52]}
{[%emt 00:01:09]} 21. c3 {[%clk 01:18:01]} {[%emt 00:00:29]} Na5 {[%clk
01:18:19]} {[%emt 00:01:04]} 22. Qa4 {[%clk 01:17:35]} {[%emt 00:00:56]} Nc6
{[%clk 01:17:23]} {[%emt 00:01:27]} 23. Rd1 {[%clk 01:17:48]} {[%emt 00:00:16]}
Qe5 {[%clk 01:17:14]} {[%emt 00:00:40]} 24. Qb3 {[%clk 01:16:13]} {[%emt
00:02:00]} Bd6 {[%clk 01:16:19]} {[%emt 00:01:29]} 25. g3 {[%clk 01:16:13]}
{[%emt 00:00:30]} Bc7 {[%clk 01:16:20]} {[%emt 00:00:30]} 26. Rd7 {[%clk
01:16:00]} {[%emt 00:00:43]} f5 {[%clk 01:15:45]} {[%emt 00:01:04]} 27. Qc4
{[%clk 01:08:28]} {[%emt 00:08:00]} Rd8 {[%clk 01:15:29]} {[%emt 00:00:47]} 28.
Rf7 {[%clk 01:05:32]} {[%emt 00:03:27]} fxe4 {[%clk 01:13:47]} {[%emt
00:02:12]} 29. a4 {[%clk 00:56:32]} {[%emt 00:09:30]} e3 {[%clk 01:11:58]}
{[%emt 00:02:20]} 30. fxe3 {[%clk 00:55:53]} {[%emt 00:01:08]} Qxe3+ {[%clk
01:10:38]} {[%emt 00:01:50]} 31. Kg2 {[%clk 00:55:46]} {[%emt 00:00:35]} Rd2+
{[%clk 01:07:57]} {[%emt 00:03:14]} 32. Kh3 {[%clk 00:55:05]} {[%emt 00:01:10]}
Rxh2+ {[%clk 01:04:10]} {[%emt 00:04:17]} 33. Kxh2 {[%clk 00:53:24]} {[%emt
00:02:11]} Qxg3+ {[%emt 00:00:16]} 34. Kh1 {[%emt 00:00:07]} Qh2# {[%clk
01:04:07]} {[%emt 00:00:11]} 0-1

[Event "DVM U12w 2024"]
[Site "Bad Homburg GER"]
[Date "2024.12.28"]
[Round "3"]
[White "Briese, Sophie"]
[Black "Nönnig, Lotte"]
[Result "1-0"]
[Termination "normal"]
[Board "5.1"]
[WhiteElo "1465"]
[BlackElo "1635"]
[WhiteClock "00:41:01"]
[BlackClock "00:01:28"]
[WhiteTeam "SAV Torgelow-Drögeheide 90"]
[BlackTeam "Schachzwerge Magdeburg"]
[PlyCount "81"]
[WhiteFideId "34660305"]
[BlackFideId "34611509"]
[EventCountry "GER"]
[EventRounds "7"]
[EventType "team-swiss"]
[EventDate "2024.12.26"]

1. e4 {[%clk 01:30:52]} {[%emt 00:00:07]} e5 {[%clk 01:30:49]} {[%emt
00:00:11]} 2. Nf3 {[%clk 01:31:17]} {[%emt 00:00:06]} Nc6 {[%clk 01:31:08]}
{[%emt 00:00:12]} 3. d4 {[%clk 01:31:40]} {[%emt 00:00:07]} exd4 {[%clk
01:31:25]} {[%emt 00:00:12]} 4. Bc4 {[%clk 01:32:02]} {[%emt 00:00:08]} Nf6
{[%clk 01:29:37]} {[%emt 00:02:18]} 5. e5 {[%clk 01:32:20]} {[%emt 00:00:12]}
d5 {[%clk 01:28:17]} {[%emt 00:01:50]} 6. Bb5 {[%clk 01:32:42]} {[%emt
00:00:08]} Ne4 {[%clk 01:27:37]} {[%emt 00:01:10]} 7. Nxd4 {[%clk 01:30:57]}
{[%emt 00:02:14]} Bd7 {[%clk 01:24:33]} {[%emt 00:03:34]} 8. Bxc6 {[%clk
01:29:38]} {[%emt 00:01:50]} bxc6 {[%clk 01:23:08]} {[%emt 00:01:54]} 9. O-O
{[%clk 01:29:01]} {[%emt 00:01:07]} Be7 {[%clk 01:21:19]} {[%emt 00:02:19]} 10.
Re1 {[%clk 01:25:13]} {[%emt 00:04:18]} O-O {[%clk 01:19:59]} {[%emt 00:01:51]}
11. Be3 {[%clk 01:23:25]} {[%emt 00:02:18]} Re8 {[%clk 01:08:14]} {[%emt
00:12:14]} 12. Nd2 {[%clk 01:21:20]} {[%emt 00:02:36]} Nxd2 {[%clk 01:04:13]}
{[%emt 00:04:31]} 13. Qxd2 {[%clk 01:21:12]} {[%emt 00:00:37]} Rb8 {[%clk
01:02:26]} {[%emt 00:02:17]} 14. Nb3 {[%clk 01:18:18]} {[%emt 00:03:26]} a5
{[%clk 00:55:27]} {[%emt 00:07:28]} 15. Bc5 {[%clk 01:10:26]} {[%emt 00:08:22]}
a4 {[%clk 00:51:11]} {[%emt 00:04:46]} 16. Bxe7 {[%clk 01:09:40]} {[%emt
00:01:16]} Qxe7 {[%clk 00:50:48]} {[%emt 00:00:53]} 17. Nd4 {[%clk 01:07:51]}
{[%emt 00:02:19]} Rxb2 {[%clk 00:49:49]} {[%emt 00:01:30]} 18. Qa5 {[%clk
01:06:46]} {[%emt 00:01:36]} c5 {[%clk 00:43:32]} {[%emt 00:06:47]} 19. Qc3
{[%clk 01:05:33]} {[%emt 00:01:41]} Rbb8 {[%clk 00:39:10]} {[%emt 00:04:52]}
20. Nf3 {[%clk 01:05:19]} {[%emt 00:00:45]} Rbd8 {[%clk 00:30:39]} {[%emt
00:08:58]} 21. Qa5 {[%clk 01:02:05]} {[%emt 00:03:46]} Rc8 {[%clk 00:24:57]}
{[%emt 00:06:12]} 22. Rad1 {[%clk 01:01:20]} {[%emt 00:01:16]} d4 {[%clk
00:21:19]} {[%emt 00:04:08]} 23. Re2 {[%clk 00:59:12]} {[%emt 00:02:38]} Bc6
{[%clk 00:18:12]} {[%emt 00:03:35]} 24. Ne1 {[%clk 00:57:45]} {[%emt 00:01:58]}
Ra8 {[%clk 00:16:26]} {[%emt 00:02:15]} 25. Qd2 {[%clk 00:57:14]} {[%emt
00:01:00]} f6 {[%clk 00:14:57]} {[%emt 00:02:00]} 26. f4 {[%clk 00:55:09]}
{[%emt 00:02:36]} fxe5 {[%clk 00:13:40]} {[%emt 00:01:47]} 27. Rxe5 {[%clk
00:54:24]} {[%emt 00:01:16]} Qd6 {[%clk 00:12:59]} {[%emt 00:01:10]} 28. Nd3
{[%clk 00:53:10]} {[%emt 00:01:44]} Rxe5 {[%clk 00:09:35]} {[%emt 00:03:55]}
29. Nxe5 {[%clk 00:53:34]} {[%emt 00:00:06]} Bd5 {[%clk 00:07:53]} {[%emt
00:02:12]} 30. c3 {[%clk 00:51:21]} {[%emt 00:02:43]} dxc3 {[%clk 00:07:00]}
{[%emt 00:01:22]} 31. Qxd5+ {[%clk 00:48:33]} {[%emt 00:03:19]} Qxd5 {[%clk
00:07:21]} {[%emt 00:00:09]} 32. Rxd5 {[%clk 00:48:46]} {[%emt 00:00:16]} Rb8
{[%clk 00:01:23]} {[%emt 00:06:29]} 33. Rxc5 {[%clk 00:46:18]} {[%emt
00:02:58]} Rb1+ {[%clk 00:01:27]} {[%emt 00:00:25]} 34. Kf2 {[%clk 00:46:40]}
{[%emt 00:00:08]} Rb2+ {[%clk 00:01:25]} {[%emt 00:00:32]} 35. Kf3 {[%clk
00:46:17]} {[%emt 00:00:52]} c2 {[%clk 00:01:19]} {[%emt 00:00:36]} 36. Rxc7
{[%clk 00:45:49]} {[%emt 00:01:00]} h6 {[%clk 00:01:39]} {[%emt 00:00:10]} 37.
Rc8+ {[%clk 00:42:09]} {[%emt 00:04:10]} Kh7 {[%clk 00:02:04]} {[%emt
00:00:05]} 38. f5 {[%clk 00:41:47]} {[%emt 00:00:51]} Rxa2 {[%clk 00:02:09]}
{[%emt 00:00:25]} 39. Ng6 {[%clk 00:41:59]} {[%emt 00:00:19]} Ra3+ {[%clk
00:01:50]} {[%emt 00:00:48]} 40. Kf2 {[%clk 00:41:20]} {[%emt 00:01:06]} c1=Q
{[%clk 00:01:28]} {[%emt 00:00:56]} 41. Rh8# {[%clk 00:41:01]} {[%emt
00:00:11]} 1-0

[Event "DVM U12w 2024"]
[Site "Bad Homburg GER"]
[Date "2024.12.28"]
[Round "3"]
[White "Döscher, Nayla"]
[Black "Subocz, Barbara"]
[Result "1/2-1/2"]
[Termination "normal"]
[Board "5.2"]
[WhiteElo "1437"]
[BlackElo "1623"]
[WhiteClock "00:00:34"]
[BlackClock "00:46:42"]
[WhiteTeam "Schachzwerge Magdeburg"]
[BlackTeam "SAV Torgelow-Drögeheide 90"]
[PlyCount "120"]
[WhiteFideId "34625046"]
[BlackFideId "41805658"]
[EventCountry "GER"]
[EventRounds "7"]
[EventType "team-swiss"]
[EventDate "2024.12.26"]

1. e4 {[%clk 01:30:59]} {[%emt 00:00:01]} c5 {[%clk 01:30:55]} {[%emt
00:00:05]} 2. Nf3 {[%clk 01:31:08]} {[%emt 00:00:21]} d6 {[%clk 01:31:19]}
{[%emt 00:00:06]} 3. c3 {[%clk 01:31:16]} {[%emt 00:00:22]} g6 {[%clk
01:31:23]} {[%emt 00:00:26]} 4. h3 {[%clk 01:29:43]} {[%emt 00:02:02]} Bg7
{[%clk 01:31:21]} {[%emt 00:00:33]} 5. d4 {[%clk 01:28:39]} {[%emt 00:01:34]}
cxd4 {[%clk 01:30:56]} {[%emt 00:00:56]} 6. cxd4 {[%clk 01:28:58]} {[%emt
00:00:11]} Nc6 {[%clk 01:31:00]} {[%emt 00:00:27]} 7. Bb5 {[%clk 01:20:20]}
{[%emt 00:09:07]} a6 {[%clk 01:26:00]} {[%emt 00:05:30]} 8. Ba4 {[%clk
01:18:57]} {[%emt 00:01:50]} b5 {[%clk 01:25:22]} {[%emt 00:01:11]} 9. Bc2
{[%clk 01:18:55]} {[%emt 00:00:23]} Qb6 {[%clk 01:18:38]} {[%emt 00:07:23]} 10.
Be3 {[%clk 01:14:30]} {[%emt 00:04:50]} Qc7 {[%clk 01:16:43]} {[%emt 00:02:30]}
11. O-O {[%clk 01:11:47]} {[%emt 00:03:13]} e6 {[%clk 01:14:26]} {[%emt
00:02:46]} 12. Nc3 {[%clk 01:09:38]} {[%emt 00:02:39]} Nge7 {[%clk 01:13:35]}
{[%emt 00:01:21]} 13. Re1 {[%clk 01:07:50]} {[%emt 00:02:17]} O-O {[%clk
01:12:08]} {[%emt 00:01:58]} 14. Rc1 {[%clk 01:05:22]} {[%emt 00:02:54]} Rb8
{[%clk 01:08:00]} {[%emt 00:04:42]} 15. Qd2 {[%clk 01:01:35]} {[%emt 00:04:13]}
a5 {[%clk 01:07:15]} {[%emt 00:01:20]} 16. Ne2 {[%clk 00:53:36]} {[%emt
00:08:27]} Ba6 {[%clk 01:00:35]} {[%emt 00:07:10]} 17. Ng3 {[%clk 00:51:35]}
{[%emt 00:02:30]} Rfc8 {[%clk 00:56:40]} {[%emt 00:04:26]} 18. Red1 {[%clk
00:41:52]} {[%emt 00:10:11]} Nb4 {[%clk 00:52:39]} {[%emt 00:04:34]} 19. Bb1
{[%clk 00:41:07]} {[%emt 00:01:11]} Qb7 {[%clk 00:47:57]} {[%emt 00:05:16]} 20.
a3 {[%clk 00:33:27]} {[%emt 00:08:10]} Rxc1 {[%clk 00:46:42]} {[%emt 00:01:45]}
21. Rxc1 {[%clk 00:33:22]} {[%emt 00:00:35]} Nbc6 {[%clk 00:46:27]} {[%emt
00:00:46]} 22. Bh6 {[%clk 00:24:20]} {[%emt 00:09:13]} b4 {[%clk 00:44:37]}
{[%emt 00:02:39]} 23. Bxg7 {[%clk 00:20:51]} {[%emt 00:03:59]} Kxg7 {[%clk
00:43:01]} {[%emt 00:02:05]} 24. a4 {[%clk 00:19:26]} {[%emt 00:01:54]} d5
{[%clk 00:41:04]} {[%emt 00:02:28]} 25. e5 {[%clk 00:17:35]} {[%emt 00:02:21]}
b3 {[%clk 00:39:37]} {[%emt 00:01:57]} 26. Qf4 {[%clk 00:13:41]} {[%emt
00:04:19]} Ng8 {[%clk 00:38:58]} {[%emt 00:01:14]} 27. h4 {[%clk 00:10:47]}
{[%emt 00:03:23]} h5 {[%clk 00:36:58]} {[%emt 00:02:30]} 28. Qg5 {[%clk
00:09:43]} {[%emt 00:01:23]} Kf8 {[%clk 00:36:17]} {[%emt 00:01:23]} 29. Qf4
{[%clk 00:08:54]} {[%emt 00:01:12]} Ke8 {[%clk 00:34:14]} {[%emt 00:02:40]} 30.
Qe3 {[%clk 00:06:54]} {[%emt 00:02:28]} Nce7 {[%clk 00:33:21]} {[%emt
00:01:26]} 31. Nd2 {[%clk 00:06:03]} {[%emt 00:01:16]} Qb4 {[%clk 00:32:50]}
{[%emt 00:01:03]} 32. Rc3 {[%clk 00:03:44]} {[%emt 00:02:51]} Bc4 {[%clk
00:32:42]} {[%emt 00:00:39]} 33. Nxc4 {[%clk 00:02:54]} {[%emt 00:01:20]} dxc4
{[%clk 00:32:47]} {[%emt 00:00:25]} 34. Qe2 {[%clk 00:02:34]} {[%emt 00:00:48]}
Rc8 {[%clk 00:32:00]} {[%emt 00:01:19]} 35. Ne4 {[%clk 00:02:31]} {[%emt
00:00:32]} Nf5 {[%clk 00:29:25]} {[%emt 00:03:06]} 36. Nc5 {[%clk 00:01:33]}
{[%emt 00:01:27]} Nxd4 {[%clk 00:29:11]} {[%emt 00:00:45]} 37. Qxc4 {[%clk
00:01:38]} {[%emt 00:00:25]} Ne2+ {[%clk 00:26:33]} {[%emt 00:03:09]} 38. Qxe2
{[%clk 00:01:48]} {[%emt 00:00:19]} Rxc5 {[%clk 00:26:56]} {[%emt 00:00:07]}
39. Rxc5 {[%clk 00:01:29]} {[%emt 00:00:49]} Qxc5 {[%clk 00:27:15]} {[%emt
00:00:11]} 40. Qe1 {[%clk 00:01:06]} {[%emt 00:00:52]} Ne7 {[%clk 00:27:06]}
{[%emt 00:00:40]} 41. Bd3 {[%clk 00:00:56]} {[%emt 00:00:39]} Kf8 {[%clk
00:24:46]} {[%emt 00:02:49]} 42. Bb5 {[%clk 00:26:39]} {[%emt 00:04:43]} Nc6
{[%clk 00:53:56]} {[%emt 00:01:25]} 43. Qd1 {[%clk 00:19:27]} {[%emt 00:07:29]}
Nd4 {[%clk 00:52:44]} {[%emt 00:01:55]} 44. Bd3 {[%clk 00:14:14]} {[%emt
00:05:36]} Qxe5 {[%clk 00:51:55]} {[%emt 00:01:26]} 45. Bc4 {[%clk 00:13:59]}
{[%emt 00:00:38]} Qf4 {[%clk 00:50:19]} {[%emt 00:02:12]} 46. Bxb3 {[%clk
00:09:06]} {[%emt 00:05:25]} Nxb3 {[%clk 00:49:46]} {[%emt 00:01:02]} 47. Qxb3
{[%clk 00:09:25]} {[%emt 00:00:12]} Qxh4 {[%clk 00:49:36]} {[%emt 00:00:38]}
48. Qb5 {[%clk 00:07:38]} {[%emt 00:02:11]} Qd8 {[%clk 00:49:42]} {[%emt
00:00:31]} 49. b4 {[%clk 00:06:09]} {[%emt 00:01:58]} Qd1+ {[%clk 00:47:11]}
{[%emt 00:03:02]} 50. Kh2 {[%clk 00:04:08]} {[%emt 00:02:30]} Qd6+ {[%clk
00:45:55]} {[%emt 00:01:48]} 51. g3 {[%clk 00:03:18]} {[%emt 00:01:20]} axb4
{[%clk 00:45:55]} {[%emt 00:00:30]} 52. a5 {[%clk 00:02:48]} {[%emt 00:01:00]}
b3 {[%clk 00:45:25]} {[%emt 00:00:59]} 53. a6 {[%clk 00:00:36]} {[%emt
00:02:43]} Qd4 {[%clk 00:45:01]} {[%emt 00:00:53]} 54. Qb8+ {[%clk 00:00:36]}
{[%emt 00:00:31]} Kg7 {[%clk 00:45:11]} {[%emt 00:00:19]} 55. a7 {[%clk
00:00:33]} {[%emt 00:00:35]} Qxf2+ {[%clk 00:45:33]} {[%emt 00:00:07]} 56. Kh3
{[%clk 00:00:35]} {[%emt 00:00:28]} Qf1+ {[%clk 00:45:33]} {[%emt 00:00:30]}
57. Kh2 {[%clk 00:00:46]} {[%emt 00:00:17]} Qf2+ {[%clk 00:45:43]} {[%emt
00:00:20]} 58. Kh3 {[%clk 00:00:43]} {[%emt 00:00:31]} Qf1+ {[%clk 00:45:57]}
{[%emt 00:00:19]} 59. Kh2 {[%clk 00:00:34]} {[%emt 00:00:39]} Qf2+ {[%clk
00:46:18]} {[%emt 00:00:08]} 60. Kh3 {[%clk 00:00:34]} {[%emt 00:00:31]} Qf1+
{[%clk 00:46:42]} {[%emt 00:00:05]} *

[Event "DVM U12w 2024"]
[Site "Bad Homburg GER"]
[Date "2024.12.28"]
[Round "3"]
[White "Subocz, Emma"]
[Black "Litvinchuk, Mariia"]
[Result "0-1"]
[Termination "normal"]
[Board "5.3"]
[WhiteElo "1106"]
[BlackElo "972"]
[WhiteClock "01:09:13"]
[BlackClock "00:29:29"]
[WhiteTeam "SAV Torgelow-Drögeheide 90"]
[BlackTeam "Schachzwerge Magdeburg"]
[PlyCount "58"]
[WhiteFideId "41805666"]
[BlackFideId "34682554"]
[EventCountry "GER"]
[EventRounds "7"]
[EventType "team-swiss"]
[EventDate "2024.12.26"]

1. e4 {[%clk 01:30:59]} {[%emt 00:00:01]} e5 {[%clk 01:30:56]} {[%emt
00:00:05]} 2. Nf3 {[%clk 01:31:25]} {[%emt 00:00:03]} Nc6 {[%clk 01:31:17]}
{[%emt 00:00:09]} 3. Nc3 {[%clk 01:31:49]} {[%emt 00:00:06]} Nf6 {[%clk
01:31:37]} {[%emt 00:00:11]} 4. Bc4 {[%clk 01:32:09]} {[%emt 00:00:09]} Bc5
{[%clk 01:31:56]} {[%emt 00:00:11]} 5. d3 {[%clk 01:31:49]} {[%emt 00:00:51]}
d6 {[%clk 01:31:36]} {[%emt 00:00:50]} 6. O-O {[%clk 01:31:56]} {[%emt
00:00:23]} Bg4 {[%clk 01:31:35]} {[%emt 00:00:31]} 7. Bg5 {[%clk 01:31:01]}
{[%emt 00:01:25]} h6 {[%clk 01:31:42]} {[%emt 00:00:24]} 8. Be3 {[%clk
01:30:47]} {[%emt 00:00:43]} Bb6 {[%clk 01:31:38]} {[%emt 00:00:34]} 9. h3
{[%clk 01:30:56]} {[%emt 00:00:22]} Be6 {[%clk 01:31:17]} {[%emt 00:00:50]} 10.
Bb3 {[%clk 01:30:21]} {[%emt 00:01:06]} Qd7 {[%clk 01:29:21]} {[%emt 00:02:25]}
11. Bxe6 {[%clk 01:30:13]} {[%emt 00:00:37]} fxe6 {[%clk 01:28:35]} {[%emt
00:01:17]} 12. Nh2 {[%clk 01:25:35]} {[%emt 00:05:08]} O-O-O {[%clk 01:25:01]}
{[%emt 00:04:04]} 13. Bxb6 {[%clk 01:25:35]} {[%emt 00:00:30]} cxb6 {[%clk
01:24:46]} {[%emt 00:00:45]} 14. Nf3 {[%clk 01:24:41]} {[%emt 00:01:25]} d5
{[%clk 01:21:36]} {[%emt 00:03:37]} 15. exd5 {[%clk 01:24:52]} {[%emt
00:00:21]} exd5 {[%clk 01:21:52]} {[%emt 00:00:14]} 16. Re1 {[%clk 01:24:42]}
{[%emt 00:00:39]} Rhe8 {[%clk 01:20:43]} {[%emt 00:01:39]} 17. d4 {[%clk
01:24:00]} {[%emt 00:01:12]} e4 {[%clk 01:14:02]} {[%emt 00:07:12]} 18. Nh2
{[%clk 01:22:52]} {[%emt 00:01:38]} g5 {[%clk 01:08:02]} {[%emt 00:06:30]} 19.
Rb1 {[%clk 01:19:53]} {[%emt 00:03:29]} h5 {[%clk 01:00:24]} {[%emt 00:08:09]}
20. a4 {[%clk 01:18:12]} {[%emt 00:02:11]} g4 {[%clk 00:58:14]} {[%emt
00:02:39]} 21. hxg4 {[%clk 01:18:06]} {[%emt 00:00:37]} hxg4 {[%clk 00:57:32]}
{[%emt 00:01:11]} 22. g3 {[%clk 01:18:25]} {[%emt 00:00:11]} Rg8 {[%clk
00:45:51]} {[%emt 00:12:11]} 23. Kg2 {[%clk 01:14:39]} {[%emt 00:04:16]} Rh8
{[%clk 00:43:00]} {[%emt 00:03:21]} 24. b4 {[%clk 01:12:10]} {[%emt 00:02:59]}
Qf5 {[%clk 00:38:55]} {[%emt 00:04:34]} 25. Na2 {[%clk 01:10:29]} {[%emt
00:02:11]} Rh7 {[%clk 00:33:18]} {[%emt 00:06:05]} 26. Qe2 {[%clk 01:10:04]}
{[%emt 00:00:58]} Nxd4 {[%clk 00:31:55]} {[%emt 00:01:53]} 27. Qd2 {[%clk
01:09:24]} {[%emt 00:01:10]} Rxh2+ {[%clk 00:30:27]} {[%emt 00:01:58]} 28. Kf1
{[%clk 01:08:53]} {[%emt 00:01:01]} Rh1+ {[%clk 00:29:40]} {[%emt 00:01:17]}
29. Kg2 {[%clk 01:09:13]} {[%emt 00:00:11]} Qf3# {[%clk 00:29:29]} 0-1